Eastern Utah Libraries Catalog: Duchesne, Heber, Roosevelt, & Vernal

Kamala Harris : (Record no. 400496)

MARC details
000 -LEADER
fixed length control field 03485nam a2200589 i 4500
001 - CONTROL NUMBER
control field 3365158
005 - DATE AND TIME OF LATEST TRANSACTION
control field 20240924134414.0
008 - FIXED-LENGTH DATA ELEMENTS--GENERAL INFORMATION
fixed length control field 230522s2023 maua b 000 0bspa d
020 ## - INTERNATIONAL STANDARD BOOK NUMBER
International Standard Book Number 9780711284814 :
Terms of availability $8.99
020 ## - INTERNATIONAL STANDARD BOOK NUMBER
International Standard Book Number 0711284814 :
Terms of availability $8.99
035 ## - SYSTEM CONTROL NUMBER
System control number (OCoLC)1377664780
035 ## - SYSTEM CONTROL NUMBER
System control number (OCoLC)on1377664780
040 ## - CATALOGING SOURCE
Original cataloging agency PABRO
Language of cataloging eng
Description conventions rda
Transcribing agency PABRO
041 1# - LANGUAGE CODE
Language code of text/sound track or separate title spa
Language code of original and/or intermediate translations of text eng
043 ## - GEOGRAPHIC AREA CODE
Geographic area code n-us---
050 #4 - LIBRARY OF CONGRESS CALL NUMBER
Classification number E901.1.H37
Item number S3618 2023
082 04 - DEWEY DECIMAL CLASSIFICATION NUMBER
Classification number 973.934092
-- B
Edition number 23
082 04 - DEWEY DECIMAL CLASSIFICATION NUMBER
Classification number 923/.2
092 ## - LOCALLY ASSIGNED DEWEY CALL NUMBER (OCLC)
Classification number children nonfiction - Spanish
Item number Sánchez
100 1# - MAIN ENTRY--PERSONAL NAME
Personal name Sánchez Vegara, Ma Isabel
Fuller form of name (María Isabel),
Relator term author.
9 (RLIN) 6358049
240 10 - UNIFORM TITLE
Uniform title <a href="Kamala Harris.">Kamala Harris.</a>
Language of a work Spanish
245 10 - TITLE STATEMENT
Title Kamala Harris :
Remainder of title en español /
Statement of responsibility, etc escrito por Maria Isabel Sánchez Vegara ; ilustrado por Lauren Semmer ; traducido por Ana Galan.
264 #1 - Production, Publication, Distribution, Manufacture, and Copyright Notice.
Place of production, publication, distribution, manufacture Beverly, MA :
Name of producer, publisher, distributor, manufacturer Frances Lincoln Children's Books,
Date of production, publication, distribution, manufacture, or copyr 2023.
300 ## - PHYSICAL DESCRIPTION
Extent 1 volume (unpaged) :
Other physical details illustrations (some color) ;
Dimensions 24 cm.
336 ## - Content Type
Content type term text
337 ## - Media type
Media type term unmediated
338 ## - Carrier type
Carrier type term volume
490 1# - SERIES STATEMENT
Series statement Little people, big dreams
520 ## - SUMMARY, ETC.
Summary, etc In this book from the highly acclaimed Little People, BIG DREAMS series, discover the incredible life of Kamala Harris, the first woman, first Black person, and first South Asian American to be elected vice president of the USA. Little Kamala used to accompany her parents to civil rights marches in California, strapped into her stroller so she wouldn't get lost. From an early age, she dreamed of becoming a lawyer to help people in need. In school, Kamala felt like she could do anything and everything. She earned a law degree to make sure the most vulnerable were protected by justice. Kamala's life was full of firsts, including becoming the first woman, Black woman, and South Asian American to be elected vice president. As Kamala stated to little girls everywhere in her speech-she may be the first but she won't be the last. This powerful book features stylish and quirky illustrations and extra facts at the back, including a biographical timeline with historical photos and a detailed profile of the politician's life.
521 1# - TARGET AUDIENCE NOTE
Target audience note 5-8
Source Brodart.
521 2# - TARGET AUDIENCE NOTE
Target audience note K-3
Source Brodart.
600 10 - SUBJECT ADDED ENTRY--PERSONAL NAME
Personal name Harris, Kamala,
Dates associated with a name 1964-
Form subdivision Juvenile literature.
9 (RLIN) 6376568
600 11 - SUBJECT ADDED ENTRY--PERSONAL NAME
Personal name Harris, Kamala,
Dates associated with a name 1964-
9 (RLIN) 6376567
600 17 - SUBJECT ADDED ENTRY--PERSONAL NAME
Personal name Harris, Kamala,
Dates associated with a name 1964-
Source of heading or term bidex
9 (RLIN) 6376567
650 #0 - SUBJECT ADDED ENTRY--TOPICAL TERM
Topical term or geographic name as entry element Vice-presidents
Geographic subdivision United States
Form subdivision Biography
-- Juvenile literature.
9 (RLIN) 6388841
650 #0 - SUBJECT ADDED ENTRY--TOPICAL TERM
Topical term or geographic name as entry element Women legislators
Geographic subdivision United States
Form subdivision Biography
-- Juvenile literature.
9 (RLIN) 5747035
650 #1 - SUBJECT ADDED ENTRY--TOPICAL TERM
Topical term or geographic name as entry element Vice-presidents.
650 #1 - SUBJECT ADDED ENTRY--TOPICAL TERM
Topical term or geographic name as entry element Women legislators.
650 #1 - SUBJECT ADDED ENTRY--TOPICAL TERM
Topical term or geographic name as entry element Spanish language materials.
650 #7 - SUBJECT ADDED ENTRY--TOPICAL TERM
Topical term or geographic name as entry element Vicepresidentes
Geographic subdivision Estados Unidos.
Source of heading or term bidex
9 (RLIN) 6493817
690 ## - LOCAL SUBJECT ADDED ENTRY--TOPICAL TERM (OCLC, RLIN)
Topical term or geographic name as entry element Spanish language materials.
700 1# - ADDED ENTRY--PERSONAL NAME
Personal name Semmer, Lauren,
Relator term illustrator.
9 (RLIN) 6397607
700 1# - ADDED ENTRY--PERSONAL NAME
Personal name Galán, Ana.
9 (RLIN) 5854537
830 #0 - SERIES ADDED ENTRY--UNIFORM TITLE
Uniform title Little people, big dreams.
Language of a work Spanish.
9 (RLIN) 6493818
942 ## - ADDED ENTRY ELEMENTS (KOHA)
Source of classification or shelving scheme Dewey Decimal Classification
Koha item type BOOK
Holdings
Withdrawn status Lost status Source of classification or shelving scheme Damaged status Not for loan Collection code Home library Current library Shelving location Date acquired Source of acquisition Total Checkouts Full call number Barcode Date last seen Cost, replacement price Price effective from Koha item type
    Dewey Decimal Classification     Spanish Children NonFiction Wasatch County Library Wasatch County Library First Floor 09/24/2024 Amazon   E Biografias Harris 34301002131748 10/09/2025 8.99 09/24/2024 BOOK
This project was made possible through a grant from the Institute of Museum and Library Service administered by the Utah State Library Division.

Wasatch County Library

  • 465 East 1200 South, Heber City, Utah 84032
  • Phone 435-654-1511 | Fax 435-654-6456

Hours

  • Monday - Friday 9:30 AM - 8:00 PM
  • Saturday 9:30 AM - 1:30 PM
  • Closed Sundays and Holidays